00313nam a2200097Ia 4500008004100000245007000041245002700111260000900138650001700147856005100164171211s9999 xx 000 0 und d aKapap Combat Concepts: Martial Arts of the Israeli Special Forces cA. Nardia and A. Timen c2012 xMartial Arts uhttp://down.ebook777.com/054/9780897503204.pdf